| 000 | 00378nam a2200169Ia 4500 | ||
|---|---|---|---|
| 005 | 20250423095631.0 | ||
| 008 | 250422s9999 xx 000 0 und d | ||
| 020 | _a9780140440508 | ||
| 050 | _aPQ 2166 .G73/ | ||
| 100 | _aGrandet, Eugenie | ||
| 245 | 0 | _aHonore de Balzac | |
| 260 | _aLondon | ||
| 260 | _bPenguin books | ||
| 260 | _c2004 | ||
| 300 | _a255 p | ||
| 942 | _cBK | ||
| 999 |
_c30865 _d30865 |
||